000 00774cam a22002415a 4500
001 15111722
005 20201128024059.0
008 071212s2007 maua frb 001 0 eng d
020 _a9780750685962
040 _aDLC
_cDLC
_dDLC
_dEG-ScBUE
_beng
082 0 4 _a658.1511
_222
_bHAN
245 0 0 _aHandbook of management accounting /
_cedited by Julia A. Smith.
250 _a4th ed.
260 _aBurlington ;
_aOxford :
_bCima Publishing / Elsevier,
_c2007.
300 _axxx, 995 p. :
_bill. ;
_c24 cm.
500 _aIndex : p. 973-995.
504 _aIncludes bibliographical references.
650 7 _aManagerial accounting.
_2BUEsh
_91343
651 _2BUEsh
653 _bBUSADM
_cDecember2016
700 1 _aSmith, Julia A.
_q(Julia Anne),
_d1969-
_eeditor.
942 _2ddc
999 _c23664
_d23636